[Event "FRA-chT2 West 0708"]
[Site "France"]
[Date "2008.04.06"]
[Round "11.2"]
[White "Betton, Olivier"]
[Black "Tripoteau, Nicolas"]
[Result "0-1"]
[WhiteElo "2194"]
[BlackElo "2347"]
[PlyCount "126"]
[EventDate "2007.10.21"]
[EventType "team"]
[EventRounds "11"]
[EventCountry "FRA"]
[SourceTitle "EXT 2009"]
[Source "ChessBase"]
[SourceDate "2008.11.26"]
[SourceVersion "1"]
[SourceVersionDate "2008.11.26"]
[SourceQuality "1"]
[WhiteTeam "Evry Grand Roque II"]
[BlackTeam "Sautron"]
[WhiteTeamCountry "FRA"]
[BlackTeamCountry "FRA"]

1. c4 c5 2. g3 g6 3. Bg2 Bg7 4. Nc3 Nc6 5. a3 a5 6. Nh3 d6 7. Nf4 e6 8. Rb1 Nge7 9. 0-0 0-0 10. Nd3 Qb6 11. Nb5 d5 12. b3 Rd8 13. Bb2 Nd4 14. Bxd4 cxd4 15. a4 e5 16. Rc1 Bd7 17. c5 Qc6 18. b4 e4 19. Nf4 axb4 20. d3 Bf5 21. Qb3 Be5 22. Qxb4 g5 23. dxe4 dxe4 24. Nd3 Bg7 25. Nb2 Nd5 26. Qb3 Rac8 27. Na7 Qc7 28. Nxc8 Qxc8 29. Qc4 Nc3 30. Rc2 Be6 31. Qb4 Rd5 32. Nc4 Rxc5 33. Nd6 Qc7 34. Nb5 Qb6 35. Qa3 Rc4 36. Nxc3 dxc3 37. Rd1 Rd4 38. Rdc1 Rc4 39. e3 Qb4 40. Qxb4 Rxb4 41. a5 f5 42. Bf1 Rb3 43. a6 bxa6 44. Bxa6 Kf8 45. Kf1 Ke7 46. Ke1 Ra3 47. Be2 Kd6 48. Rb1 Kc6 49. Bd1 Bc4 50. Be2 Bd3 51. Bd1 Be5 52. Rbc1 Kc5 53. Rb1 f4 54. Rbc1 h6 55. gxf4 gxf4 56. exf4 Bd4 57. f5 Bf6 58. Be2 Kd4 59. Rd1 Ra5 60. f3 Ke3 61. Rdc1 Bxc2 62. Rxc2 Ra1+ 63. Bd1 Bh4+ 0-1

[Event "FRA-chT3 Gr06 0607"]
[Site "France"]
[Date "2007.04.01"]
[Round "9.1"]
[White "Le Goff, Damien"]
[Black "Tripoteau, Nicolas"]
[Result "1-0"]
[WhiteElo "2279"]
[BlackElo "2293"]
[PlyCount "89"]
[EventDate "2006.10.15"]
[EventType "team"]
[EventRounds "9"]
[EventCountry "FRA"]
[SourceTitle "EXT 2008"]
[Source "ChessBase"]
[SourceDate "2007.11.25"]
[SourceVersion "1"]
[SourceVersionDate "2007.11.25"]
[SourceQuality "1"]
[WhiteTeam "Douarnenez"]
[BlackTeam "Arradon"]
[WhiteTeamCountry "FRA"]
[BlackTeamCountry "FRA"]

1. e4 c5 2. Nc3 Nc6 3. Bb5 Nd4 4. Bc4 a6 5. d3 b5 6. Bb3 e6 7. Nge2 Nxb3 8. axb3 Bb7 9. Ng3 d6 10. 0-0 h5 11. h3 h4 12. Nge2 Be7 13. f4 Nf6 14. Be3 d5 15. e5 d4 16. exf6 gxf6 17. Bd2 dxc3 18. bxc3 Rg8 19. Rf2 Qd5 20. Qf1 Qf5 21. Kh2 0-0-0 22. c4 b4 23. Re1 Rg7 24. Ng1 Bd6 25. Ree2 Rdg8 26. Qc1 e5 27. Nf3 exf4 28. Qe1 Bc6 29. d4 Rg3 30. d5 Bd7 31. Qf1 Be5 32. Kh1 Qh5 33. Ng1 Bd4 34. Bxf4 R3g6 35. Nf3 Bc3 36. Re7 Qf5 37. Bh2 R6g7 38. Ne5 Qe4 39. Re2 Qf5 40. Qxf5 Bxf5 41. Nc6 Be5 42. Na7+ Kd8 43. Nc6+ Kc8 44. Bxe5 fxe5 45. R7xe5 1-0

[Event "FRA-chT3 Gr06 0607"]
[Site "France"]
[Date "2007.03.31"]
[Round "8.1"]
[White "Tripoteau, Nicolas"]
[Black "Jouneau, Quentin"]
[Result "1-0"]
[WhiteElo "2293"]
[BlackElo "1920"]
[PlyCount "51"]
[EventDate "2006.10.15"]
[EventType "team"]
[EventRounds "9"]
[EventCountry "FRA"]
[SourceTitle "EXT 2008"]
[Source "ChessBase"]
[SourceDate "2007.11.25"]
[SourceVersion "1"]
[SourceVersionDate "2007.11.25"]
[SourceQuality "1"]
[WhiteTeam "Arradon"]
[BlackTeam "Rennes Paul Bert II"]
[WhiteTeamCountry "FRA"]
[BlackTeamCountry "FRA"]

1. d4 d5 2. e4 dxe4 3. Nc3 Nf6 4. f3 Bf5 5. fxe4 Nxe4 6. Qf3 Nd6 7. Bf4 Nc6 8. Bb5 Bd7 9. Nge2 e6 10. 0-0 Qf6 11. d5 Ne5 12. Bxe5 Qxe5 13. Bxd7+ Kxd7 14. Rad1 Ke8 15. Nd4 Be7 16. dxe6 f6 17. Nd5 Rc8 18. Qb3 a6 19. Rfe1 Qg5 20. Nf3 Qf5 21. c4 c5 22. Nxe7 Kxe7 23. Rxd6 Kxd6 24. Qb6+ Rc6 25. Qxb7 Rc7 26. Rd1+ 1-0

[Event "FRA-chT3 Gr06 0607"]
[Site "France"]
[Date "2007.02.11"]
[Round "6.1"]
[White "Denis, Laurent"]
[Black "Tripoteau, Nicolas"]
[Result "0-1"]
[WhiteElo "2218"]
[BlackElo "2289"]
[PlyCount "67"]
[EventDate "2006.10.15"]
[EventType "team"]
[EventRounds "9"]
[EventCountry "FRA"]
[SourceTitle "EXT 2008"]
[Source "ChessBase"]
[SourceDate "2007.11.25"]
[SourceVersion "1"]
[SourceVersionDate "2007.11.25"]
[SourceQuality "1"]
[WhiteTeam "Vitre"]
[BlackTeam "Arradon"]
[WhiteTeamCountry "FRA"]
[BlackTeamCountry "FRA"]

1. d4 Nf6 2. c4 c5 3. d5 b5 4. a4 bxc4 5. Nc3 d6 6. e4 Ba6 7. f4 e6 8. Nf3 exd5 9. Nxd5 Nc6 10. Nxf6+ Qxf6 11. Be2 Be7 12. 0-0 0-0 13. f5 Nd4 14. Kh1 Nxf3 15. Rxf3 Qd4 16. Qc2 Bf6 17. Rb1 Rfe8 18. Rf1 Bb7 19. Qxc4 Qxe4 20. Qxe4 Bxe4 21. Ra1 Bxg2+ 22. Kxg2 Rxe2+ 23. Rf2 Rae8 24. Bf4 Rxf2+ 25. Kxf2 d5 26. Rd1 Re4 27. Bg3 Rd4 28. Re1 h5 29. Re8+ Kh7 30. b3 Rb4 31. Ra8 c4 32. bxc4 dxc4 33. a5 Rb5 34. a6 0-1

[Event "Morbihan-ch 0607"]
[Site "Morbihan"]
[Date "2006.12.16"]
[Round "3"]
[White "Tripoteau, Nicolas"]
[Black "Le Corre, Patrick"]
[Result "1-0"]
[WhiteElo "2282"]
[BlackElo "2006"]
[PlyCount "43"]
[EventDate "2006.10.21"]
[EventType "swiss"]
[EventRounds "7"]
[EventCountry "FRA"]
[SourceTitle "EXT 2009"]
[Source "ChessBase"]
[SourceDate "2008.11.26"]
[SourceVersion "1"]
[SourceVersionDate "2008.11.26"]
[SourceQuality "1"]

1. d4 b6 2. e4 e6 3. c4 Bb7 4. Bd3 d5 5. cxd5 exd5 6. e5 c5 7. Nf3 Nc6 8. 0-0 Nge7 9. Nc3 a6 10. dxc5 bxc5 11. Re1 Bc8 12. Be3 Qa5 13. Nxd5 Nxd5 14. Be4 Nde7 15. Rc1 Bd7 16. Rxc5 Qb4 17. Ng5 Rd8 18. a3 Qxb2 19. Qf3 Nxe5 20. Rxe5 f5 21. Bxf5 Qxe5 22. Bg6+ 1-0

[Event "Morbihan-ch 0607"]
[Site "Morbihan"]
[Date "2006.12.02"]
[Round "2"]
[White "Meysson, Jean Marc"]
[Black "Tripoteau, Nicolas"]
[Result "0-1"]
[WhiteElo "1951"]
[BlackElo "2282"]
[PlyCount "58"]
[EventDate "2006.10.21"]
[EventType "swiss"]
[EventRounds "7"]
[EventCountry "FRA"]
[SourceTitle "EXT 2009"]
[Source "ChessBase"]
[SourceDate "2008.11.26"]
[SourceVersion "1"]
[SourceVersionDate "2008.11.26"]
[SourceQuality "1"]

1. d4 Nf6 2. c4 c5 3. d5 a6 4. Nc3 b5 5. cxb5 axb5 6. Nxb5 Ba6 7. Nc3 d6 8. Nf3 g6 9. e4 Bxf1 10. Kxf1 Nbd7 11. g3 Bg7 12. Kg2 0-0 13. Re1 Ra6 14. Qc2 Qa8 15. Bf4 h6 16. h4 Ng4 17. a4 Rb8 18. b3 Rb4 19. Rab1 c4 20. Bd2 Nc5 21. Nb5 cxb3 22. Qd1 Raxa4 23. Bxb4 Rxb4 24. Nbd4 Qa4 25. Nc6 Rxe4 26. Rxe4 Qxe4 27. Qe1 Nxf2 28. Qxe4 Nfxe4 29. Ncd4 Nc3 0-1

[Event "FRA-chT3 Gr06 0607"]
[Site "France"]
[Date "2006.11.26"]
[Round "3.1"]
[White "Tripoteau, Nicolas"]
[Black "Serralta, Michel"]
[Result "1-0"]
[WhiteElo "2282"]
[BlackElo "2122"]
[PlyCount "59"]
[EventDate "2006.10.15"]
[EventType "team"]
[EventRounds "9"]
[EventCountry "FRA"]
[SourceTitle "EXT 2008"]
[Source "ChessBase"]
[SourceDate "2007.11.25"]
[SourceVersion "1"]
[SourceVersionDate "2007.11.25"]
[SourceQuality "1"]
[WhiteTeam "Arradon"]
[BlackTeam "Brest"]
[WhiteTeamCountry "FRA"]
[BlackTeamCountry "FRA"]

1. d4 Nf6 2. c4 c5 3. d5 e6 4. Nc3 exd5 5. cxd5 d6 6. e4 g6 7. h3 Bg7 8. Nf3 0-0 9. Bd3 Na6 10. 0-0 Nc7 11. a4 b6 12. Bf4 Qe7 13. a5 Nh5 14. Bh2 b5 15. e5 dxe5 16. Re1 Qd8 17. d6 Ne6 18. Nxe5 Bb7 19. a6 Bxg2 20. Kxg2 Nhf4+ 21. Kh1 Qg5 22. Ng4 Bxc3 23. bxc3 h5 24. Ne3 Nxh3 25. Qf3 Nhf4 26. Rg1 Qf6 27. Ng2 Nh3 28. Qxf6 Nef4 29. Qxf4 Nxf4 30. Nxf4 1-0

[Event "Hennebont Grand Prix"]
[Site "Hennebont"]
[Date "2006.08.06"]
[Round "4"]
[White "Colin, Vincent"]
[Black "Tripoteau, Nicolas"]
[Result "0-1"]
[WhiteElo "2415"]
[BlackElo "2296"]
[PlyCount "80"]
[EventDate "2006.08.05"]
[EventType "swiss"]
[EventRounds "7"]
[EventCountry "FRA"]
[SourceTitle "EXT 2007"]
[Source "ChessBase"]
[SourceDate "2006.11.23"]
[SourceVersion "1"]
[SourceVersionDate "2006.11.23"]
[SourceQuality "1"]

1. c4 Nf6 2. Nc3 e5 3. g3 d6 4. Bg2 Be7 5. Nf3 0-0 6. 0-0 c6 7. d4 Nbd7 8. Qc2 Qc7 9. b3 Re8 10. Bb2 Nf8 11. Rac1 Bg4 12. Rfd1 Ne6 13. dxe5 dxe5 14. Ne4 Bxf3 15. Bxf3 Rad8 16. e3 Nd7 17. Bg4 Ndf8 18. Qc3 f6 19. b4 g6 20. Be2 f5 21. Nd2 c5 22. b5 Bf6 23. Bf3 Bg7 24. Bd5 Kh8 25. Nb3 e4 26. Qc2 Ng5 27. Bxg7+ Kxg7 28. Qc3+ Kh6 29. Na5 Nf3+ 30. Kg2 Rb8 31. Rc2 Nd7 32. Nb3 Nde5 33. Nc1 Re7 34. a4 g5 35. a5 Rf8 36. Rb2 Rf6 37. Ne2 Rg7 38. Ng1 Nxg1 39. Kxg1 Nf3+ 40. Kg2 Kg6 0-1

[Event "Hennebont Grand Prix"]
[Site "Hennebont"]
[Date "2006.08.05"]
[Round "3"]
[White "Tripoteau, Nicolas"]
[Black "Fruteau, Sabine"]
[Result "1-0"]
[WhiteElo "2296"]
[BlackElo "2126"]
[PlyCount "106"]
[EventDate "2006.08.05"]
[EventType "swiss"]
[EventRounds "7"]
[EventCountry "FRA"]
[SourceTitle "EXT 2007"]
[Source "ChessBase"]
[SourceDate "2006.11.23"]
[SourceVersion "1"]
[SourceVersionDate "2006.11.23"]
[SourceQuality "1"]

1. d4 Nf6 2. Nf3 d6 3. Nc3 Nbd7 4. e4 e5 5. Bc4 Be7 6. 0-0 c6 7. a4 b6 8. dxe5 dxe5 9. Bxf7+ Kxf7 10. Ng5+ Kg8 11. Qe2 Nf8 12. Qc4+ Nd5 13. Nf3 Be6 14. exd5 cxd5 15. Qe2 e4 16. Nd4 Qd7 17. a5 Bc5 18. Be3 Bg4 19. Qb5 Rd8 20. axb6 Qxb5 21. Ncxb5 axb6 22. h3 Bd7 23. Nc7 h6 24. Rfd1 Ng6 25. Nde6 Rc8 26. Bxc5 bxc5 27. Rxd5 Bxe6 28. Nxe6 Ne7 29. Rxc5 Kf7 30. Rxc8 Rxc8 31. Nd4 Nd5 32. b3 Rc3 33. Re1 Nf6 34. Re2 Rc8 35. Nb5 Rd8 36. c4 Rd1+ 37. Kh2 Rc1 38. Nd6+ Ke7 39. Nxe4 Kd7 40. Nxf6+ gxf6 41. Re3 Kd6 42. Kg3 Rd1 43. Kg4 Rd2 44. Rf3 Ke7 45. b4 Rd4+ 46. Rf4 h5+ 47. Kf3 Rd3+ 48. Ke4 Rd1 49. Rf5 Rg1 50. g3 Rf1 51. b5 Ke6 52. Rf4 Rd1 53. b6 Rb1 1-0